Deux premières lettres de pays les plus courantes - Statistiques

Statistiques générales
  • Ce quiz a été pris 148 fois
  • Le résultat moyen est 18 sur 25
Statistiques - réponses
Nombre de
Pays
Deux premières
Lettres
Exemple % Correct
10 Ma Malaisie, Malte, Mauritanie...
92%
3 Al Albanie, Algérie, Allemagne
89%
3 Ch Chili, Chine, Chypre
85%
4 Ca Cambodge, Cameroun, Canada...
83%
6 Co Colombie, Corée du Sud, Costa Rica...
82%
3 Ar Arabie Saoudite, Argentine, Arménie
78%
5 Li Liban, Liechtenstein, Lituanie...
78%
7 Pa Pakistan, Panama, Paraguay...
78%
5 Mo Mongolie, Monténégro, Mozambique...
76%
4 Tu Tunisie, Turkménistan, Tuvalu...
75%
3 Es Espagne, Estonie, Eswatini
74%
5 Sa Saint-Marin, Samoa, Sao Tomé-et-Principe...
73%
3 Ir Iran, Irak, Irlande
72%
3 Bo Bolivie, Bosnie-Herzégovine, Botswana
71%
3 Be Belgique, Belize, Bénin
70%
3 So Somalie, Soudan, Soudan du Sud
70%
3 Su Suède, Suriname, Suisse
70%
4 Ba Bahamas, Bangladesh, Barbade...
69%
5 Gu Guatemala, Guinée, Guyana...
68%
3 Ta Tadjikistan, Taïwan, Tanzanie
68%
3 Ni Nicaragua, Niger, Nigéria
66%
3 Se Sénégal, Serbie, Seychelles
64%
3 An Andorre, Antigua-et-Barbuda, Angola
63%
4 Re République Dominicaine, RDC, République du Congo...
63%
3 Bu Bulgarie, Burkina Faso, Burundi
59%
Aucun quiz correspondant
Distribution des résultats
% des personnes avec chaque résultat
Percentile par nombre de réponses
Votre historique - résultats
Vous n’avez pas pris ce quiz